Principles of Evidence / (Record no. 3029)

MARC details
000 -LEADER
fixed length control field 00541nam a22001817a 4500
005 - DATE AND TIME OF INPUT
control field 20240910064727.0
008 - DATA ELEMENTS--GENERAL INFORMATION
fixed length control field 240910b |||||||| |||| 00| 0 eng d
020 ## - INTERNATIONAL STANDARD BOOK NUMBER
International Standard Book Number 0702160695
041 ## - LANGUAGE CODE
Language code of text English
082 ## - SHELF NUMBER
DDC number 347.6 SCH
100 ## - MAIN AUTHOR
Language of a work English
245 ## - TITLE STATEMENT
Title Principles of Evidence /
Statement of responsibility, etc. PJ Schwikkard and SE Van der Merwe
250 ## - EDITION STATEMENT
Edition statement Second Edition
260 ## - PUBLICATION, DISTRIBUTION, ETC.
Place of publication, distribution, etc. Cape Town:
Name of publisher, distributor, etc. Juta and Company Ltd,
Date of publication, distribution, etc. 1997
300 ## - PHYSICAL DESCRIPTION
Other physical details lxxiv, 596 pages;
Dimensions 25 cm.
650 ## - SUBJECT`
Broad subject Legal practice
Own subject terms Law
942 ## - ADDED ENTRY ELEMENTS (KOHA)
Item type Books
942 ## - ADDED ENTRY ELEMENTS (KOHA)
-- ALISON_BN_VRIES
Holdings
Source of classification or shelving scheme Not for loan Home library Current library Shelving location Date acquired Full call number Barcode Price effective from Koha item type
Dewey Decimal Classification   LAW SOCIETY OF NAMIBIA LIBRARY - WINDHOEK LAW SOCIETY OF NAMIBIA LIBRARY - WINDHOEK Evidence law 09/10/2024 347.6 SCH LSN/2024/23 09/10/2024 Books